El Negrito Poeta Mexicano y sus populares versos : contribución para el folklore nacional por el doctor Nicolás León /

Gorde:
Xehetasun bibliografikoak
Egile nagusia: Negrito Poeta (autor)
Beste egile batzuk: León Calderón, Nicolás (compilación) (compilación)
Formatua: Liburua
Hizkuntza:gaztelania
Gaiak:
Etiketak: Etiketa erantsi
Etiketarik gabe, Izan zaitez lehena erregistro honi etiketa jartzen!

MARC

LEADER 00000nam^a2200000^a^4500
001 000138606
005 20250526000000.0
009 20260310095435.887
037 |a Acervo ITESO - Biblioteca 
041 |a ESP 
082 |a 861.  |b NEG 
100 |a Negrito Poeta  |e (autor) 
245 1 3 |a El Negrito Poeta Mexicano y sus populares versos :  |b contribución para el folklore nacional por el doctor Nicolás León /  |c Negrito Poeta ; comp. y presen. de N. León Calderón 
264 |a México :  |b Museo Nacional,  |c 1912 
300 |a 234 p. ;  |c 17.0 cm. 
649 |a XX 
650 |a Poesía Mexicana 
650 |a Literatura Popular -  |z México 
650 |a Literatura Mexicana -  |y Siglo XVIII 
650 |a Literatura Mexicana -  |y Epoca Colonial, 1517-1821 
700 |a León Calderón, Nicolás  |e (compilación) 
910 |a Fondo Salvador Reynoso Reynoso 
920 |a Impresos - Libros 
930 |a Libros Antiguos y Raros 
940 |a Literatura 
905 |a 108 
901 |a 0800014772  |b IT2  |c LRA  |u 20250526 
902 |a https://opac.biblio.iteso.mx/vufind/Record/000138606